Sharjah Art Foundation Library

Exposure 10th/ Union of Arab Photographers (Record no. 6654)

MARC details
000 -LEADER
fixed length control field 00513nam a2200133Ia 4500
001 - CONTROL NUMBER
control field 6654
008 - FIXED-LENGTH DATA ELEMENTS--GENERAL INFORMATION
fixed length control field 260622s9999 xx 000 0 und d
245 #0 - TITLE STATEMENT
Title Exposure 10th/ Union of Arab Photographers
Remainder of title الطريق إلى إكسبوجر/ اتحاد اللمصورين العرب
300 ## - PHYSICAL DESCRIPTION
Extent 155p;
Dimensions 26x35cm
520 ## - SUMMARY, ETC.
Summary, etc. Photography festival featuring photographers primarily from GCC states, and some from Egypt.
546 ## - LANGUAGE NOTE
Language note Arabic; English
650 ## - SUBJECT ADDED ENTRY--TOPICAL TERM
Topical term or geographic name entry element TR624-835 Technology- Applied Photography
942 ## - ADDED ENTRY ELEMENTS (KOHA)
Koha item type Book
Holdings
Withdrawn status Lost status Damaged status Not for loan Collection Home library Current library Date acquired Total Checkouts Full call number Barcode Date last seen Price effective from Koha item type
        Technology- Photography, Cinematography, Electronic Media SAF Reference Library SAF Reference Library 06/22/2026   TR624-835 73.55 6654 06/22/2026 06/22/2026 Book

Copyright © 2022. Sharjah Art Foundation. All Rights Reserved.